Grid Index / (Record no. 12880)

MARC details
000 -CABECERA
campo de control de longitud fija 00825nam a2200253 4500
003 - IDENTIFICADOR DEL NÚMERO DE CONTROL
campo de control OSt
005 - FECHA Y HORA DE LA ÚLTIMA TRANSACCIÓN
campo de control 20260530115302.0
008 - DATOS DE LONGITUD FIJA--INFORMACIÓN GENERAL
campo de control de longitud fija 260417b2009 gw a|||| |||| 00| 0 eng d
020 ## - NÚMERO INTERNACIONAL ESTÁNDAR DEL LIBRO
Número Internacional Estándar del Libro 9783899552416
040 ## - FUENTE DE LA CATALOGACIÓN
Centro catalogador/agencia de origen ICI
Lengua de catalogación spa
Centro/agencia transcriptor ICI
050 ## - SIGNATURA TOPOGRÁFICA DE LA BIBLIOTECA DEL CONGRESO
Número de clasificación NK1570
Número de documento/Ítem N53
100 1# - ENTRADA PRINCIPAL--NOMBRE DE PERSONA
Nombre de persona Nicolai, Carsten,
Fechas asociadas al nombre 1965,
245 10 - MENCIÓN DE TÍTULO
Título Grid Index /
Mención de responsabilidad, etc. Carsten Nicolai
264 #1 - PRODUCCIÓN, PUBLICACIÓN, DISTRIBUCIÓN, FABRICACIÓN Y COPYRIGHT
Nombre del de productor, editor, distribuidor, fabricante Gestalten,
Fecha de producción, publicación, distribución, fabricación o copyright 2009
Producción, publicación, distribución, fabricación y copyright Berlin :
300 ## - DESCRIPCIÓN FÍSICA
Extensión volumenes
Otras características físicas ilustraciones
Material acompañante/anejo 1 CD-ROM (4 3/4 plg.)
336 ## - TIPO DE CONTENIDO
Término de tipo de contenido texto
Fuente rdacontent
337 ## - TIPO DE MEDIO
Nombre/término del tipo de medio sin medio
Fuente rdamedia
338 ## - TIPO DE SOPORTE
Nombre/término del tipo de soporte volumen
Fuente rdacarrier
502 ## - NOTA DE TESIS
Nota de tesis "visual dictionary on two-dimensional grids and geometric tilings"--Pref.
650 ## - PUNTO DE ACCESO ADICIONAL DE MATERIA--TÉRMINO DE MATERIA
Término de materia o nombre geográfico como elemento de entrada Grids (Crisscross patterns)
9 (RLIN) 31313
650 ## - PUNTO DE ACCESO ADICIONAL DE MATERIA--TÉRMINO DE MATERIA
Término de materia o nombre geográfico como elemento de entrada Mosaicos (Matemáticas)
9 (RLIN) 31314
650 ## - PUNTO DE ACCESO ADICIONAL DE MATERIA--TÉRMINO DE MATERIA
Término de materia o nombre geográfico como elemento de entrada Formas repetitivas (Artes decorativas)
9 (RLIN) 31315
942 ## - ELEMENTOS DE PUNTO DE ACCESO ADICIONAL (KOHA)
Fuente del sistema de clasificación o colocación Library of Congress Classification
Tipo de ítem Koha

No items available.